000 01522nam a22002297a 4500
999 _c57657
_d57657
003 Ge_BSU
005 20200901103559.0
008 200901s2016 ge ||||| |||| 00| 0 geo d
041 _ageo
080 _a340.141(479.22) ტ-97
100 _aტყემალაძე, სოფიო.
_99350
245 _aმედიაცია საქართველოში:
_bტრადიციიდან თანამედროვეობამდე /
_c ავტორი სოფიო ტყემალაძე ; რედაქტორი მანანა ტაბიძე ; გარეკანის დიზაინერი ნინი ფალავანდიშვილი ; ევროკავშირი საქართველოსთვის, UNDP.
264 _aთბილისი,
_c2016.
300 _a44 გვ. ;
_b20 სმ.
500 _aგარეკანზე ავტორი აღნიშნული არ არის.
504 _aბიბლიოგრ.: გვ. 43-44.
653 _aსამედიატორო სამართალი საქართველოში
700 _aტაბიძე, მანანა
_eრედაქტორი.
_95716
700 _aფალავანდიშვილი, ნინი
_eგარეკანის დიზაინერი
_99351
710 _aევროკავშირი საქართველოსთვის. UNDP.
_99352
942 _2udc
_cBK